000
00237nam a22000857a 4500
008
170112b xxu||||| |||| 00| 0 eng d
100
_9
2369
_a
Siddiqi. M. N
245
_a
Orient Genaral Science -3
260
_a
New Delhi
_b
Navdeep Publication
_c
2007
999
_c
5353
_d
5353